[Event "Krakow op 9th"]
[Site "Krakow"]
[Date "2013.??.??"]
[Round "2.8"]
[White "Swiech, Joanna"]
[Black "Peronczyk, Karol"]
[Result "0-1"]
[WhiteElo "1537"]
[BlackElo "1764"]
[PlyCount "46"]
[EventDate "2013.??.??"]
[EventType "swiss"]
[EventRounds "5"]
[EventCountry "POL"]
[SourceTitle "EXT 2023"]
[Source "ChessBase"]
[SourceDate "2022.10.05"]
[SourceVersion "1"]
[SourceVersionDate "2022.10.05"]
[SourceQuality "1"]

1. d4 d5 2. c4 e5 3. dxe5 d4 4. Nf3 Nc6 5. Bg5 Be7 6. Bxe7 Ngxe7 7. g3 Ng6 8. Bg2 Ngxe5 9. 0-0 0-0 10. Nbd2 Rb8 11. a3 Bg4 12. Rc1 Qd7 13. Re1 Rfd8 14. Nxe5 Nxe5 15. Nb3 d3 16. Qd2 dxe2 17. Qxd7 Rxd7 18. Nc5 Rd1 19. h3 Nf3+ 20. Bxf3 Bxf3 21. Nb3 Rbd8 22. Kh2 Rxe1 23. Rxe1 Rd1 0-1

[Event "POL-chT U19 1st League"]
[Site "Suchedniow"]
[Date "2010.07.11"]
[Round "6"]
[White "Peronczyk, Karol"]
[Black "Zochowski, Kacper"]
[Result "0-1"]
[WhiteElo "1650"]
[BlackElo "1887"]
[PlyCount "46"]
[EventDate "2010.07.06"]
[EventType "team-tourn"]
[EventRounds "9"]
[EventCountry "POL"]
[SourceTitle "EXT 2019"]
[Source "ChessBase"]
[SourceDate "2018.10.10"]
[SourceVersion "1"]
[SourceVersionDate "2018.10.10"]
[SourceQuality "1"]
[WhiteTeam "Katowice Hetman Szopienice U19"]
[BlackTeam "Bialystok MUKS Stoczek 45 U19"]
[WhiteTeamCountry "POL"]
[BlackTeamCountry "POL"]

1. e4 c5 2. Nf3 d6 3. d4 cxd4 4. Nxd4 Nf6 5. Nc3 a6 6. Be2 e6 7. 0-0 Nbd7 8. Kh1 b5 9. b4 Bb7 10. Bd3 Be7 11. f4 0-0 12. a4 bxa4 13. Rxa4 Nb6 14. Ra1 Nfd7 15. Qh5 g6 16. Qh6 Bf6 17. e5 Bg7 18. Qh3 dxe5 19. fxe5 Nxe5 20. Nxe6 fxe6 21. Qxe6+ Kh8 22. Rxf8+ Qxf8 23. Qxb6 Nxd3 0-1

[Event "POL-chT U19 1st League"]
[Site "Suchedniow"]
[Date "2010.07.10"]
[Round "5"]
[White "Peronczyk, Karol"]
[Black "Bus, Konrad"]
[Result "1/2-1/2"]
[WhiteElo "1650"]
[BlackElo "1625"]
[PlyCount "37"]
[EventDate "2010.07.06"]
[EventType "team-tourn"]
[EventRounds "9"]
[EventCountry "POL"]
[SourceTitle "EXT 2019"]
[Source "ChessBase"]
[SourceDate "2018.10.10"]
[SourceVersion "1"]
[SourceVersionDate "2018.10.10"]
[SourceQuality "1"]
[WhiteTeam "Katowice Hetman Szopienice U19"]
[BlackTeam "Wieliczka MKS MOS U19"]
[WhiteTeamCountry "POL"]
[BlackTeamCountry "POL"]

1. e4 e5 2. Nf3 Nf6 3. Nxe5 d6 4. Nf3 Nxe4 5. Nc3 Nxc3 6. dxc3 Be7 7. Be3 Nc6 8. Qd2 Bg4 9. 0-0-0 Qd7 10. Be2 a6 11. Nd4 Bxe2 12. Qxe2 0-0-0 13. Nb3 Qe6 14. Rhe1 Rhe8 15. Qd3 Qg6 16. Qd5 Qe6 17. Qd3 Qg6 18. Qd5 Qe6 19. Qd3 1/2-1/2

[Event "POL-chT U19 1st League"]
[Site "Suchedniow"]
[Date "2010.07.08"]
[Round "3"]
[White "Peronczyk, Karol"]
[Black "Piotrowski, Przemyslaw"]
[Result "0-1"]
[WhiteElo "1650"]
[BlackElo "1875"]
[PlyCount "79"]
[EventDate "2010.07.06"]
[EventType "team-tourn"]
[EventRounds "9"]
[EventCountry "POL"]
[SourceTitle "EXT 2019"]
[Source "ChessBase"]
[SourceDate "2018.10.10"]
[SourceVersion "1"]
[SourceVersionDate "2018.10.10"]
[SourceQuality "1"]
[WhiteTeam "Katowice Hetman Szopienice U19"]
[BlackTeam "Wroclaw MUKS MDK Srodmiescie U19"]
[WhiteTeamCountry "POL"]
[BlackTeamCountry "POL"]

1. e4 c5 2. Nf3 d6 3. d4 cxd4 4. Nxd4 Nf6 5. Nc3 a6 6. Be2 e5 7. Nb3 Be7 8. 0-0 Nc6 9. f4 0-0 10. Kh1 exf4 11. Bxf4 Ne5 12. Qe1 Be6 13. Qg3 Ng6 14. Be3 Rc8 15. h4 Rxc3 16. bxc3 Nxe4 17. Qh2 Bxh4 18. Bd3 Ng3+ 19. Kg1 Nxf1 20. Rxf1 Ne5 21. g3 Nxd3 22. gxh4 Ne5 23. Qg3 Ng4 24. Bf4 Qb6+ 25. Nd4 Rd8 26. Kg2 Bd5+ 27. Kh3 h5 28. Nf5 Be6 29. Nd4 Rc8 30. Kg2 Qa5 31. Qd3 Qd5+ 32. Kg3 Re8 33. Bg5 b5 34. Qd2 Bc8 35. Rd1 Re4 36. Bf4 b4 37. Re1 Rxe1 38. Qxe1 Bb7 39. Qe2 bxc3 40. Qf3 0-1

[Event "POL-chT U19 1st League"]
[Site "Suchedniow"]
[Date "2010.07.07"]
[Round "2"]
[White "Bronsztejn, Wojciech"]
[Black "Peronczyk, Karol"]
[Result "0-1"]
[WhiteElo "1635"]
[BlackElo "1650"]
[PlyCount "96"]
[EventDate "2010.07.06"]
[EventType "team-tourn"]
[EventRounds "9"]
[EventCountry "POL"]
[SourceTitle "EXT 2019"]
[Source "ChessBase"]
[SourceDate "2018.10.10"]
[SourceVersion "1"]
[SourceVersionDate "2018.10.10"]
[SourceQuality "1"]
[WhiteTeam "Wroclaw KS Polonia U19 II"]
[BlackTeam "Katowice Hetman Szopienice U19"]
[WhiteTeamCountry "POL"]
[BlackTeamCountry "POL"]

1. d4 d5 2. c4 e6 3. Nc3 Be7 4. Nf3 Nf6 5. Bg5 h6 6. Bh4 0-0 7. e3 b6 8. cxd5 Nxd5 9. Bxe7 Nxe7 10. Be2 Bb7 11. 0-0 Nd7 12. Rc1 c5 13. Nb5 Nf5 14. Bd3 a6 15. Bxf5 axb5 16. Bb1 c4 17. b3 Rc8 18. bxc4 bxc4 19. Rxc4 Ra8 20. Rc3 Nf6 21. Ne5 Nd5 22. Rc2 Qg5 23. Qg4 Qe7 24. Rfc1 f5 25. Qe2 Qg5 26. f4 Qd8 27. Rb2 Ba6 28. Bd3 Bb7 29. Bc4 Ra3 30. Bxd5 Bxd5 31. Nd3 Qd6 32. Nb4 Be4 33. Qd2 Rf6 34. Rc3 Ra8 35. Nd3 Rg6 36. Ne1 Bd5 37. Rc1 Qe7 38. Rcc2 Qh4 39. Rxb6 Kh7 40. Rbb2 Be4 41. Rc4 Ra3 42. Rc3 Ra6 43. Rc8 Rg4 44. Qf2 Qh3 45. Rc3 e5 46. dxe5 Rag6 47. g3 Rxg3+ 48. hxg3 Qh1# 0-1

[Event "POL-ch U14"]
[Site "Sekocin Stary"]
[Date "2010.05.04"]
[Round "7"]
[White "Khamidov, Komil"]
[Black "Peronczyk, Karol"]
[Result "1-0"]
[WhiteElo "2001"]
[BlackElo "1655"]
[PlyCount "75"]
[EventDate "2010.05.01"]
[EventType "swiss"]
[EventRounds "10"]
[EventCountry "POL"]
[SourceTitle "EXT 2011"]
[Source "ChessBase"]
[SourceDate "2010.11.26"]
[SourceVersion "1"]
[SourceVersionDate "2010.11.26"]
[SourceQuality "1"]

1. e4 c5 2. Nf3 d6 3. d4 cxd4 4. Nxd4 Nf6 5. Nc3 g6 6. Be3 Bg7 7. f3 0-0 8. Qd2 Nc6 9. 0-0-0 Bd7 10. h4 Rc8 11. g4 Ne5 12. h5 Qa5 13. Kb1 Nxf3 14. Nxf3 Rxc3 15. Qxc3 Qxc3 16. bxc3 Bxg4 17. Bg2 Nxe4 18. Rd3 Nxc3+ 19. Kc1 Nxa2+ 20. Kd2 Nb4 21. Rb3 a5 22. h6 Bh8 23. Nh2 Be6 24. Ra3 Bb2 25. Rxa5 Rc8 26. c4 f5 27. Rb1 Bc3+ 28. Kxc3 Rxc4+ 29. Kd2 Rc2+ 30. Kd1 Rxg2 31. Rxb4 Rxh2 32. Rxb7 f4 33. Bxf4 Bg4+ 34. Kc1 Rh1+ 35. Kb2 Rf1 36. Rxe7 Rf2+ 37. Kc3 Rf3+ 38. Be3 1-0

[Event "POL-ch U14"]
[Site "Sekocin Stary"]
[Date "2010.05.03"]
[Round "5"]
[White "Eggink, Mateusz"]
[Black "Peronczyk, Karol"]
[Result "1-0"]
[WhiteElo "1820"]
[BlackElo "1655"]
[PlyCount "75"]
[EventDate "2010.05.01"]
[EventType "swiss"]
[EventRounds "10"]
[EventCountry "POL"]
[SourceTitle "EXT 2011"]
[Source "ChessBase"]
[SourceDate "2010.11.26"]
[SourceVersion "1"]
[SourceVersionDate "2010.11.26"]
[SourceQuality "1"]

1. e4 c5 2. Nf3 d6 3. d4 cxd4 4. Nxd4 Nf6 5. Nc3 g6 6. Be3 Bg7 7. f3 0-0 8. Qd2 Nc6 9. 0-0-0 Nxd4 10. Bxd4 Be6 11. Kb1 Qc7 12. h4 h5 13. g4 Rfc8 14. gxh5 Nxh5 15. Bxg7 Kxg7 16. f4 Bg4 17. Re1 Qa5 18. Rg1 Be6 19. a3 Qb6 20. Rg5 f6 21. Rb5 Qc6 22. Bg2 Nxf4 23. Qxf4 Bc4 24. Rd5 Bxd5 25. exd5 Qd7 26. Bh3 f5 27. Qg5 Kf7 28. Re6 Rg8 29. Ne2 Qxe6 30. dxe6+ Kxe6 31. Nf4+ Kf7 32. Bg2 e6 33. Bxb7 Rab8 34. Bc6 Rb6 35. Bf3 d5 36. h5 gxh5 37. Bxh5+ Kf8 38. Qf6# 1-0

[Event "POL-ch U14"]
[Site "Sekocin Stary"]
[Date "2010.05.03"]
[Round "4"]
[White "Peronczyk, Karol"]
[Black "Ulanowski, Karol"]
[Result "1/2-1/2"]
[WhiteElo "1655"]
[BlackElo "1834"]
[PlyCount "51"]
[EventDate "2010.05.01"]
[EventType "swiss"]
[EventRounds "10"]
[EventCountry "POL"]
[SourceTitle "EXT 2011"]
[Source "ChessBase"]
[SourceDate "2010.11.26"]
[SourceVersion "1"]
[SourceVersionDate "2010.11.26"]
[SourceQuality "1"]

1. e4 e5 2. Nf3 Nc6 3. Bc4 Bc5 4. 0-0 Nf6 5. d4 Bxd4 6. Nxd4 Nxd4 7. f4 d6 8. fxe5 dxe5 9. Bg5 Be6 10. Bxe6 Nxe6 11. Bxf6 Qxd1 12. Rxd1 gxf6 13. Nc3 c6 14. Rf1 Ke7 15. Ne2 Rhg8 16. Ng3 Nf4 17. Nf5+ Ke6 18. Rad1 Rad8 19. g3 Nh3+ 20. Kg2 Ng5 21. Ng7+ Ke7 22. Nf5+ Ke6 23. Ng7+ Ke7 24. Nf5+ Ke6 25. Ng7+ Ke7 26. Nf5+ 1/2-1/2

[Event "Varna op 3rd"]
[Site "Varna"]
[Date "2009.06.16"]
[Round "5"]
[White "Lilov, Valeri Petrov"]
[Black "Peronczyk, Karol"]
[Result "1-0"]
[WhiteElo "2165"]
[BlackElo "1632"]
[PlyCount "65"]
[EventDate "2009.06.12"]
[EventType "swiss"]
[EventRounds "9"]
[EventCountry "BUL"]
[SourceTitle "CBM 130 Extra"]
[Source "ChessBase"]
[SourceDate "2009.07.02"]
[SourceVersion "2"]
[SourceVersionDate "2009.07.15"]
[SourceQuality "1"]

1. e4 c5 2. d4 cxd4 3. Nf3 Nc6 4. c3 d5 5. exd5 Qxd5 6. cxd4 e5 7. Nc3 Bb4 8. Bd2 Bxc3 9. Bxc3 e4 10. Ne5 Nxe5 11. dxe5 Ne7 12. Qa4+ Bd7 13. Qa3 Bg4 14. h3 Bh5 15. Qa4+ Nc6 16. Bc4 Qc5 17. 0-0 0-0 18. Rac1 e3 19. f4 Rad8 20. g4 e2+ 21. Rf2 Rd1+ 22. Rxd1 exd1Q+ 23. Qxd1 Qxc4 24. gxh5 Rd8 25. Qg4 Nd4 26. f5 Qc5 27. e6 f6 28. h6 g5 29. fxg6 Kh8 30. e7 Qxe7 31. Bxd4 Qe1+ 32. Kg2 Rxd4 33. Qc8+ 1-0

[Event "Chrzanow 11th"]
[Site "Chrzanow"]
[Date "2008.09.12"]
[Round "1.4"]
[White "Peronczyk, Karol"]
[Black "Barski, Radoslaw"]
[Result "0-1"]
[WhiteElo "1611"]
[BlackElo "2154"]
[PlyCount "50"]
[EventDate "2008.09.11"]
[EventType "tourn"]
[EventRounds "9"]
[EventCountry "POL"]
[SourceTitle "EXT 2023"]
[Source "ChessBase"]
[SourceDate "2022.10.05"]
[SourceVersion "1"]
[SourceVersionDate "2022.10.05"]
[SourceQuality "1"]

1. e4 c5 2. Nf3 d6 3. d4 cxd4 4. Nxd4 Nf6 5. Nc3 a6 6. Be3 e5 7. Nb3 Be7 8. Be2 0-0 9. f3 Be6 10. Qd2 Nbd7 11. 0-0 Nb6 12. Kh1 Rc8 13. Bxb6 Qxb6 14. Nd5 Nxd5 15. exd5 Bd7 16. c4 h6 17. f4 exf4 18. Qxf4 Bg5 19. Qd4 Qxd4 20. Nxd4 Rfe8 21. b3 Bf6 22. Rxf6 gxf6 23. Rf1 Re4 24. Rd1 Rce8 25. Kg1 Rxe2 0-1

[Event "POL-ch U12"]
[Site "Ustron"]
[Date "2008.03.15"]
[Round "10"]
[White "Peronczyk, Karol"]
[Black "Gawiec, Konrad"]
[Result "1-0"]
[WhiteElo "1630"]
[BlackElo "1857"]
[PlyCount "67"]
[EventDate "2008.03.08"]
[EventType "swiss"]
[EventRounds "11"]
[EventCountry "POL"]
[SourceTitle "EXT 2010"]
[Source "ChessBase"]
[SourceDate "2010.11.25"]
[SourceVersion "1"]
[SourceVersionDate "2010.11.25"]
[SourceQuality "1"]

1. e4 c5 2. Nf3 Nc6 3. d4 cxd4 4. Nxd4 g6 5. c4 Nf6 6. Nc3 d6 7. Be2 Nxd4 8. Qxd4 Bg7 9. Be3 0-0 10. Qd2 Bd7 11. 0-0 Bc6 12. Bf3 Nd7 13. Nd5 Bxd5 14. exd5 Nc5 15. Rac1 a5 16. Rfe1 Re8 17. Bg5 Kf8 18. Bd1 Qb6 19. Bh6 Kg8 20. Bxg7 Kxg7 21. Rc3 Rac8 22. Rh3 Rh8 23. Qd4+ Kg8 24. Rxe7 Nd7 25. Qxb6 Nxb6 26. b3 Kg7 27. Rf3 Rhf8 28. Rxb7 Na8 29. Rd7 Rcd8 30. Rfxf7+ Rxf7 31. Rxd8 Nc7 32. Rxd6 Re7 33. Kf1 Ne8 34. Ra6 1-0

[Event "POL-ch U12"]
[Site "Ustron"]
[Date "2008.03.13"]
[Round "8"]
[White "Peronczyk, Karol"]
[Black "Lewtak, Dominik"]
[Result "0-1"]
[WhiteElo "1630"]
[BlackElo "1604"]
[PlyCount "90"]
[EventDate "2008.03.08"]
[EventType "swiss"]
[EventRounds "11"]
[EventCountry "POL"]
[SourceTitle "EXT 2010"]
[Source "ChessBase"]
[SourceDate "2010.11.25"]
[SourceVersion "1"]
[SourceVersionDate "2010.11.25"]
[SourceQuality "1"]

1. e4 c5 2. Nf3 d6 3. d4 cxd4 4. Nxd4 Nf6 5. Nc3 a6 6. Be3 e6 7. Be2 Nbd7 8. 0-0 Be7 9. f4 Nc5 10. Bf3 0-0 11. Kh1 h6 12. Qe1 Qc7 13. Qg3 Kh8 14. Rae1 Bd7 15. e5 dxe5 16. fxe5 Nh7 17. Bh5 Be8 18. Re2 Nd7 19. Bd2 Bc5 20. Nb3 Be7 21. Nd4 Bc5 22. Nb3 Be7 23. Bg4 Rd8 24. h3 b5 25. Bf4 Nb6 26. Ree1 Nc4 27. Bc1 Bc6 28. Bh5 Bg5 29. Ne4 Bxc1 30. Nxc1 Bxe4 31. Rxe4 Nxb2 32. Re2 Nc4 33. Nd3 a5 34. Ref2 g6 35. Bxg6 fxg6 36. Qxg6 Rxf2 37. Rxf2 Qg7 38. Qxe6 Rg8 39. Nf4 Qxe5 40. Qf7 Qg7 41. Qd5 Qe5 42. Qf7 Ng5 43. Qa7 Qe1+ 44. Kh2 Qe3 45. Qa6 Qb6 0-1

[Event "POL-ch U12"]
[Site "Ustron"]
[Date "2008.03.11"]
[Round "5"]
[White "Mazalon, Mateusz"]
[Black "Peronczyk, Karol"]
[Result "1-0"]
[WhiteElo "1694"]
[BlackElo "1630"]
[PlyCount "49"]
[EventDate "2008.03.08"]
[EventType "swiss"]
[EventRounds "11"]
[EventCountry "POL"]
[SourceTitle "EXT 2010"]
[Source "ChessBase"]
[SourceDate "2010.11.25"]
[SourceVersion "1"]
[SourceVersionDate "2010.11.25"]
[SourceQuality "1"]

1. e4 c5 2. Nf3 d6 3. c3 Nf6 4. Bd3 e6 5. Bc2 Nc6 6. 0-0 Be7 7. Re1 0-0 8. d4 cxd4 9. cxd4 Nb4 10. Bb3 Bd7 11. Nc3 Rc8 12. a3 Nc6 13. Be3 Ng4 14. Bf4 Nf6 15. Ba2 Qb6 16. Qd2 Rfe8 17. e5 Nh5 18. Be3 d5 19. g4 Nf6 20. exf6 Bxf6 21. Kh1 Be7 22. Rac1 Qd8 23. Rg1 g6 24. Bf4 Bf6 25. Nb5 1-0

[Event "POL-ch U12"]
[Site "Ustron"]
[Date "2008.03.10"]
[Round "4"]
[White "Peronczyk, Karol"]
[Black "Chmiel, Marcin"]
[Result "1-0"]
[WhiteElo "1630"]
[BlackElo "1623"]
[PlyCount "23"]
[EventDate "2008.03.08"]
[EventType "swiss"]
[EventRounds "11"]
[EventCountry "POL"]
[SourceTitle "EXT 2010"]
[Source "ChessBase"]
[SourceDate "2010.11.25"]
[SourceVersion "1"]
[SourceVersionDate "2010.11.25"]
[SourceQuality "1"]

1. e4 e5 2. Nf3 Nc6 3. Bc4 Nf6 4. d4 Nxe4 5. dxe5 Bc5 6. Qd5 0-0 7. Qxe4 Nb4 8. 0-0 d5 9. exd6 cxd6 10. Qe2 Re8 11. Qd1 Bf5 12. Na3 1-0

[Event "POL-ch sf"]
[Site "Chotowa"]
[Date "2007.11.09"]
[Round "7.22"]
[White "Peronczyk, Karol"]
[Black "Sowul, Bartosz"]
[Result "0-1"]
[WhiteElo "1684"]
[BlackElo "1627"]
[PlyCount "76"]
[EventDate "2007.11.03"]
[EventType "swiss"]
[EventRounds "9"]
[EventCountry "POL"]
[SourceTitle "EXT 2023"]
[Source "ChessBase"]
[SourceDate "2022.10.05"]
[SourceVersion "1"]
[SourceVersionDate "2022.10.05"]
[SourceQuality "1"]

1. e4 c5 2. Nf3 d6 3. d4 cxd4 4. Nxd4 Nf6 5. Nc3 a6 6. Be2 e5 7. Nb3 Be7 8. 0-0 0-0 9. f4 b5 10. a3 Qb6+ 11. Kh1 Bb7 12. Bf3 Nbd7 13. f5 a5 14. Qe2 b4 15. Be3 Qd8 16. Nd5 Nxd5 17. exd5 Ba6 18. Qf2 Bxf1 19. Rxf1 Bg5 20. g4 Re8 21. Nd2 e4 22. Nxe4 Bxe3 23. Qxe3 Nc5 24. Qf4 Nxe4 25. Bxe4 Qe7 26. Re1 Qe5 27. Qf3 f6 28. h4 Rac8 29. Re2 Qxb2 30. axb4 Qxb4 31. g5 Rc4 32. c3 Qa4 33. Bc2 Rxh4+ 34. Kg2 Qg4+ 35. Qxg4 Rxg4+ 36. Kf3 Rxe2 37. Kxe2 Rg2+ 38. Kd3 Rxc2 0-1